Normal view
MARC view
- Satti, Muhammad Haris (275842)
Entry Personal Name
001 - CONTROL NUMBER
- control field: 118226
003 - CONTROL NUMBER IDENTIFIER
- control field: NUST
005 - DATE AND TIME OF LATEST TRANSACTION
- control field: 20230926112738.0
008 - FIXED-LENGTH DATA ELEMENTS
- fixed length control field: 230926|| aca||aabn | a|a d
040 ## - CATALOGING SOURCE
- Original cataloging agency: NUST
- Transcribing agency: NUST
100 ## - HEADING--PERSONAL NAME
- Personal name: Satti, Muhammad Haris (275842)
670 ## - SOURCE DATA FOUND
- Source citation: Work cat.: (NUST)603208: Satti, Muhammad Haris (275842), Numerical Modelling of Wind Turbine Blade to Evaluate Damage due to Impact Loads /, 2022
